02828nas a2200277Ia 4500008004100000245003700041260000900078310001600087500001300103650001800116942001200134952017900146952018300325952017900508952018500687952018300872952017901055952018501234952018301419952018101602952018001783952018401963952019402147952019402341999001502535150201s2011 xx 000 0 und d aIndian Journal of Human Genetics c2011 aHalf Yearly aNATIONAL aHuman Anatomy 2ddccLJ 00102ddc4070aFMbFMcREFd2011-06-11eIBH JOUNALS SERVICEfRsg1500.00hVol. 17, Issue 1 (May, 2011)iSGTUl0pJM111r2015-02-09 00:00:00w2010-12-14yLJj1500kPF/179/11 00102ddc4070aFMbFMcREFd2011-06-11eIBH JOUNALS SERVICEfRsg1500.00hVol. 17, Issue 1 (January, 2011)iSGTUl0pJM385r2015-02-09 00:00:00w2010-12-14yLJj1500kPF/179/11 00102ddc4070aFMbFMcREFd2011-06-11eIBH JOUNALS SERVICEfRsg1500.00hVol. 17, Issue 2 (May, 2011)iSGTUl0pJM488r2015-02-09 00:00:00w2010-12-14yLJj1500kPF/179/11 00102ddc4070aFMbFMcREFd2011-06-11eIBH JOUNALS SERVICEfRsg1500.00hVol. 17, Issue 3 (September, 2011)iSGTUl0pJM576r2015-02-09 00:00:00w2010-12-14yLJj1500kPF/179/11 00102ddc4070aFMbFMcREFd2011-06-11eIBH JOUNALS SERVICEfRsg1500.00hVol. 18, Issue 1 (January, 2012)iSGTUl0pJM726r2015-02-09 00:00:00w2012-01-12yLJj1500kPF/190/12 00102ddc4070aFMbFMcREFd2011-06-11eIBH JOUNALS SERVICEfRsg1500.00hVol. 18, Issue 2 (May, 2012)iSGTUl0pJM827r2015-02-09 00:00:00w2012-01-12yLJj1500kPF/190/12 00102ddc4070aFMbFMcREFd2011-06-11eIBH JOUNALS SERVICEfRsg1500.00hVol. 18, Issue 1 (December, 2012)iSGTUl0pJM1027r2015-02-09 00:00:00w2012-01-12yLJj1500kPF/190/12 00102ddc4070aFMbFMcREFd2011-06-11eIBH JOUNALS SERVICEfRsg1500.00hVol. 19, Issue 1 (January, 2013)iSGTUl0pJM1179r2015-02-09 00:00:00w2013-02-01yLJj1500kPF/25513 00102ddc4070aFMbFMcREFd2011-06-11eIBH JOUNALS SERVICEfRsg1500.00hVol. 19, Issue 2 (April, 2013)iSGTUl0pJM1249r2015-02-09 00:00:00w2013-02-01yLJj1500kPF/25513 00102ddc4070aFMbFMcREFd2011-06-11eIBH JOUNALS SERVICEfRsg1500.00hVol. 19, Issue 3 (July, 2013)iSGTUl0pJM1307r2015-02-09 00:00:00w2013-02-01yLJj1500kPF/25513 00102ddc4070aFMbFMcREFd2011-06-11eIBH JOUNALS SERVICEfRsg1500.00hVol. 19, Issue 4 (December, 2013)iSGTUl0pJM1437r2015-02-09 00:00:00w2013-02-01yLJj1500kPF/25513 00102ddc4070aFMbFMcREFd2011-06-11eINNOVATIVE SUB. SERVICEfRsg1500.00hVol. 20, Issue 1 (January, 2014)iSGTUl0pJM1566r2015-02-09 00:00:00w2014-01-23yLJj1500kISS/SGTMCHRI/14 00102ddc4070aFMbFMcREFd2011-06-11eINNOVATIVE SUB. SERVICEfRsg1500.00hVol. 20, Issue 2 (January, 2014)iSGTUl0pJM1791r2015-02-09 00:00:00w2014-01-23yLJj1500kISS/SGTMCHRI/14 c6173d6173